|
|
|
|
| LEADER |
00000cas a22000004a 4500 |
| 001 |
vtls009469747 |
| 003 |
SK-MaSNL |
| 005 |
20260228164213.0 |
| 008 |
090206c20039999xr mr p| | b0cze c |
| 022 |
|
|
|a 1214-1550
|
| 040 |
|
|
|a SVKPO
|b slo
|c SVKPO
|d SNK
|e AACR2
|
| 041 |
0 |
|
|a cze
|
| 044 |
|
|
|a xr
|c CZ
|
| 080 |
|
|
|a 050
|2 2001
|
| 080 |
|
|
|a 77
|2 2001
|
| 080 |
|
|
|a 004.9
|2 2001
|
| 080 |
|
|
|a 621.38
|2 2001
|
| 210 |
0 |
|
|a Digit. foto mag.
|
| 222 |
|
0 |
|a Digitální foto magazín
|
| 245 |
0 |
0 |
|a Digitální foto magazín
|b průvodce světem digitální fotografie
|
| 246 |
3 |
3 |
|a Digitální Foto
|
| 260 |
|
|
|a Praha
|b Omega Publishing Group s.r.o.
|c 2003-
|
| 300 |
|
|
|a zv.
|c 30 cm
|
| 310 |
|
|
|a 1x mesačne
|
| 500 |
|
|
|a Od č. 201/2020 už bez CD
|
| 500 |
|
|
|a Od roku 2022 zmena podnázvu: praktický prúvodce fotografováním
|
| 525 |
|
|
|a V časopise je vložené CD
|
| 650 |
0 |
7 |
|a digitálna fotografia
|9 20210
|
| 650 |
0 |
7 |
|a digitálne fotoaparáty
|9 20208
|
| 856 |
4 |
|
|u www.digifotomag.cz
|
| 910 |
|
|
|a snk
|
| 910 |
|
|
|a svkpo
|
| 999 |
|
|
|c 12697
|d 14627
|
| 952 |
|
|
|0 0
|1 0
|4 0
|7 0
|8 4
|a SNK
|b SNK
|d 2020-12-08
|i snk2020/22192
|l 0
|o snkČB 5828/2019/1
|p 17A1432268
|r 2026-02-21 19:24:38
|t č. 182-187
|w 2026-02-21
|y PREZ
|
| 952 |
|
|
|0 0
|1 0
|4 0
|7 0
|8 4
|a SNK
|b SNK
|d 2020-12-08
|i snk2020/22194
|l 0
|o snkČB 5828/2019/2
|p 17A1432269
|r 2026-02-21 19:24:38
|t č. 188-193
|w 2026-02-21
|y PREZ
|
| 952 |
|
|
|0 0
|1 0
|4 0
|7 0
|8 3
|a SNK
|b SNK
|d 2024-05-29
|i snk2024/8496
|l 0
|o snkČB 5828/2022/1
|p 17A1523111
|r 2026-02-21 19:48:02
|t č. 217-222
|w 2026-02-21
|y PREZ
|
| 952 |
|
|
|0 0
|1 0
|4 0
|7 0
|8 3
|a SNK
|b SNK
|d 2024-05-29
|i snk2024/8497
|l 0
|o snkČB 5828/2022/2
|p 17A1523112
|r 2026-02-21 19:48:02
|t č. 223-228
|w 2026-02-21
|y PREZ
|
| 952 |
|
|
|0 0
|1 0
|4 0
|7 0
|8 3
|a SNK
|b SNK
|d 2024-05-29
|i snk2024/8501
|l 0
|o snkČB 5828/2023/1
|p 17A1523113
|r 2026-02-21 19:48:02
|t č. 229-234
|w 2026-02-21
|y PREZ
|
| 952 |
|
|
|0 0
|1 0
|4 0
|7 0
|8 3
|a SNK
|b SNK
|d 2024-05-29
|i snk2024/8504
|l 0
|o snkČB 5828/2023/2
|p 17A1523114
|r 2026-02-21 19:48:03
|t č. 235-240
|w 2026-02-21
|y PREZ
|
| 952 |
|
|
|0 0
|1 0
|4 0
|7 0
|8 4
|a SNK
|b SNK
|d 2021-12-21
|i snk2021/20228
|l 0
|o snkČB 5828/2020/1
|p 17A1460846
|r 2026-02-21 19:52:48
|t č. 194-199
|w 2026-02-21
|y PREZ
|
| 952 |
|
|
|0 0
|1 0
|4 0
|7 0
|8 4
|a SNK
|b SNK
|d 2021-12-21
|i snk2021/20229
|l 0
|o snkČB 5828/2020/2
|p 17A1460847
|r 2026-02-21 19:52:48
|t č. 200-204
|w 2026-02-21
|y PREZ
|
| 952 |
|
|
|0 0
|1 0
|4 0
|7 0
|8 3
|a SNK
|b SNK
|d 2023-03-10
|i snk2023/4158
|l 0
|o snkČB 5828/2021/1
|p 17A1519864
|r 2026-02-21 20:02:53
|t č. 205-210
|w 2026-02-21
|y PREZ
|
| 952 |
|
|
|0 0
|1 0
|4 0
|7 0
|8 3
|a SNK
|b SNK
|d 2023-03-10
|i snk2023/4159
|l 0
|o snkČB 5828/2021/2
|p 17A1519865
|r 2026-02-21 20:02:53
|t č. 211-216
|w 2026-02-21
|y PREZ
|
| 952 |
|
|
|0 0
|1 0
|4 0
|7 0
|8 3
|a SNK
|b SNK
|d 2025-07-11
|i snk2025/11088
|l 0
|o snkČB 5828/2024/1
|p 17A1557168
|r 2026-02-21 20:09:27
|t č. 241-246
|w 2026-02-21
|y PREZ
|
| 952 |
|
|
|0 0
|1 0
|4 0
|7 0
|8 3
|a SNK
|b SNK
|d 2025-07-11
|i snk2025/11092
|l 0
|o snkČB 5828/2024/2
|p 17A1557169
|r 2026-02-21 20:09:27
|t č. 247-252
|w 2026-02-21
|y PREZ
|
| 952 |
|
|
|0 0
|1 0
|4 0
|7 0
|8 4
|a SNK
|b SNK
|d 2019-03-05
|i snk2019/5861
|l 0
|o snkČB 5828/2017/1
|p 17A1343123
|r 2026-02-21 21:51:20
|t č. 158-163
|w 2026-02-21
|y PREZ
|
| 952 |
|
|
|0 0
|1 0
|4 0
|7 0
|8 4
|a SNK
|b SNK
|d 2019-03-05
|i snk2019/5867
|l 0
|o snkČB 5828/2017/2
|p 17A1343124
|r 2026-02-21 21:51:29
|t č. 164-169
|w 2026-02-21
|y PREZ
|
| 952 |
|
|
|0 0
|1 0
|4 0
|7 0
|8 4
|a SNK
|b SNK
|d 2019-03-05
|i snk2019/5876
|l 0
|o snkČB 5828/2018/1
|p 17A1343125
|r 2026-02-21 21:51:29
|t č. 170-175
|w 2026-02-21
|y PREZ
|
| 952 |
|
|
|0 0
|1 0
|4 0
|7 0
|8 4
|a SNK
|b SNK
|d 2019-03-05
|i snk2019/5878
|l 0
|o snkČB 5828/2018/2
|p 17A1343126
|r 2026-02-21 21:51:29
|t č. 176-181
|w 2026-02-21
|y PREZ
|
| 952 |
|
|
|0 0
|1 0
|4 0
|7 0
|8 4
|a SNK
|b SNK
|d 2017-03-20
|i snk2017/7165
|l 0
|o snkČB 5828/2016/1
|p 17A1205787
|r 2026-02-21 22:04:11
|t č. 146-151
|w 2026-02-21
|y PREZ
|
| 952 |
|
|
|0 0
|1 0
|4 0
|7 0
|8 4
|a SNK
|b SNK
|d 2017-03-20
|i snk2017/7166
|l 0
|o snkČB 5828/2016/2
|p 17A1205788
|r 2026-02-21 22:04:12
|t č. 152-157
|w 2026-02-21
|y PREZ
|
| 952 |
|
|
|0 0
|1 0
|4 0
|7 1
|8 4
|a SNK
|b SNK
|d 2016-05-02
|i snk2016/11155
|l 0
|o snkČB 5828/2014
|p 17A1099074
|r 2026-02-21 22:16:33
|t č. 124-132
|w 2026-02-21
|y NEVYP
|
| 952 |
|
|
|0 0
|1 0
|4 0
|7 1
|8 4
|a SNK
|b SNK
|d 2016-05-02
|i snk2016/11162
|l 0
|o snkČB 5828/2015/1
|p 17A1099073
|r 2026-02-21 22:16:35
|t č. 133-139 + spec. vyd.
|w 2026-02-21
|y NEVYP
|z speciální vydání (č. 134)
|
| 952 |
|
|
|0 0
|1 0
|4 0
|7 1
|8 4
|a SNK
|b SNK
|d 2016-05-02
|i snk2016/11165
|l 0
|o snkČB 5828/2015/2
|p 17A1099072
|r 2026-02-21 22:16:35
|t č. 140-145
|w 2026-02-21
|y NEVYP
|